Vóleibol, aprender y progresar: más de 500 ejercicios del servicio, pase, remate y bloqueo
Tallennettuna:
| Päätekijä: | |
|---|---|
| Aineistotyyppi: | Kirja |
| Kieli: | espanja |
| Julkaistu: |
Barcelona
Paidotribo
2001
|
| Painos: | 2a. ed |
| Aiheet: | |
| Tagit: |
Lisää tagi
Ei tageja, Lisää ensimmäinen tagi!
|
MARC
| LEADER | 00000nam a2200000 a 4500 | ||
|---|---|---|---|
| 001 | UCI0691 | ||
| 003 | CL-VaPUC | ||
| 008 | 070525e20010000SP |||||||||||||||||spa|d | ||
| 020 | |a 8480193379 | ||
| 082 | 0 | 4 | |a 796.325 |b PAV |2 21 |
| 100 | |a Pavlovich Pimenov, Mikhail |e autor |9 552355 | ||
| 245 | 1 | 0 | |a Vóleibol, aprender y progresar: más de 500 ejercicios del servicio, pase, remate y bloqueo |
| 250 | |a 2a. ed | ||
| 300 | |a 297 p | ||
| 942 | |c BK | ||
| 945 | |d 20070525 00:00:00 |a cmena | ||
| 260 | |a Barcelona |b Paidotribo |c 2001 | ||
| 650 | 0 | |a Voleibol |9 307522 | |
| 650 | 7 | |a DEPORTE |2 CL-VaPUC |9 520858 | |
| 650 | 7 | |a JUEGOS DE PELOTA |2 CL-VaPUC |9 340284 | |
| 650 | 7 | |a ENTRENAMIENTO ATLETICO |2 CL-VaPUC |9 520859 | |
| 583 | |a last modification |c 20140404 06:23:05 |k Rodrigo Vera | ||
| 999 | |c 325751 |d 325749 | ||
| 952 | |0 0 |1 0 |4 0 |6 796_325000000000000_PAV_2001 |7 0 |8 A |9 407040 |a BIBEDU |b BIBEDU |d 2019-11-22 |i 4343085 |o 796.325 PAV 2001 |p 4343085 |r 2023-08-09 |w 2019-11-22 |y BK |k EFI | ||
| 952 | |0 0 |1 0 |4 0 |6 796_325000000000000_PAV_2001 |7 0 |8 A |9 407041 |a BIBEDU |b BIBEDU |d 2019-11-22 |i 4343093 |o 796.325 PAV 2001 |p 4343093 |r 2023-08-09 |w 2019-11-22 |y BK |k EFI | ||